<?xml version="1.0" encoding="UTF-8"?>
<marc:record xmlns:marc="http://www.loc.gov/MARC21/slim">
   <marc:leader>00000nam a2200000 a 4500</marc:leader>
   <marc:datafield ind1="1" ind2=" " tag="100">
      <marc:subfield code="a">Lukas, Leo</marc:subfield>
      <marc:subfield code="4">aut</marc:subfield>
      <marc:subfield code="e">Verfasser/-in</marc:subfield>
   </marc:datafield>
   <marc:datafield ind1="0" ind2="0" tag="245">
      <marc:subfield code="a">Mörder Pointen</marc:subfield>
   </marc:datafield>
   <marc:datafield ind1="0" ind2="0" tag="245">
      <marc:subfield code="b">Kriminalroman</marc:subfield>
   </marc:datafield>
   <marc:datafield ind1="0" ind2="0" tag="245">
      <marc:subfield code="c">Leo Lukas</marc:subfield>
   </marc:datafield>
   <marc:datafield ind1=" " ind2="1" tag="264">
      <marc:subfield code="a">Wien</marc:subfield>
      <marc:subfield code="b">Ueberreuter</marc:subfield>
      <marc:subfield code="c">2022</marc:subfield>
   </marc:datafield>
   <marc:datafield ind1="1" ind2=" " tag="520">
      <marc:subfield code="a">Quelle: bn.bibliotheksnachrichten (http://www.biblio.at/literatur/bn/index.html); #Autor: Michael Wildauer; #Das ungleiche Duo ermittelt erneut. (DR)#Wer hätte das gedacht? Leo Lukas schafft es, nach »Mörder Quoten« die beiden Protagonisten, den Stand-up-Comedian Peter »Pez« Szily und den Auftragskiller Bravo, wieder auf einen Fall anzusetzen. Kabarettisten werden ermordet und Pez will schon aus eigenem Interesse wissen, wer da seine Kolleg:innen und vielleicht auch ihn tötet. Dabei muss er sich in Acht nehmen, dass sein »Partner« ihn für nützlich und ungefährlich genug hält, um nicht vom Bravo beseitigt zu werden, und auch Chefinspektorin Karin Fux ist zwar prinzipiell eine helfende Person, aber alles muss sie auch nicht wissen. So schlittert Pez von einem Gefühlschaos ins nächste, verliebt sich und ermittelt, bis schließlich der Roman zu Ende und alles geklärt ist. Wunderbar natürlich wieder die Figur des Bravo, an den man sich nicht mehr erinnern kann, weil er so durchschnittlich unauffällig ausschaut und bei dem einem das Blut in den Adern gefriert, wenn er einen ansieht. Wie auch beim letzten Abenteuer gibt es spannende Passagen, politisch Kritisches und viel Humor. Soziales Engagement mit Witz ist sicher nicht leicht zu schreiben, unterhaltsam ist der neue Roman ebenso wie sein Vorgänger. Also, Herr Lukas, wenn der Bravo nicht einen Auftrag erhalten soll, bei dem Sie eine bedeutende Rolle einnehmen, sollten Sie bereits an einem dritten Band schreiben.</marc:subfield>
   </marc:datafield>
   <marc:datafield ind1=" " ind2=" " tag="020">
      <marc:subfield code="a">9783800090075</marc:subfield>
      <marc:subfield code="9">9783800090075</marc:subfield>
   </marc:datafield>
   <marc:datafield ind1=" " ind2=" " tag="041">
      <marc:subfield code="a">ger</marc:subfield>
   </marc:datafield>
   <marc:datafield ind1=" " ind2=" " tag="300">
      <marc:subfield code="a">240 Seiten</marc:subfield>
   </marc:datafield>
</marc:record>
